The Eyeless Map (Record no. 144)
[ view plain ]
| 000 -LEADER | |
|---|---|
| campo de control de longitud fija | 00421 a2200133 4500 |
| 020 ## - NÚMERO INTERNACIONAL ESTÁNDAR DEL LIBRO | |
| Número Internacional Estándar del Libro | 9953002177 |
| 082 ## - NÚMERO DE LA CLASIFICACIÓN DECIMAL DEWEY | |
| Número de clasificación | 709.956.9 |
| Número de ítem | C435e |
| 100 ## - ENTRADA PRINCIPAL--NOMBRE DE PERSONA | |
| Nombre de persona | Chakar, Tony |
| 9 (RLIN) | 708 |
| 245 ## - MENCIÓN DEL TÍTULO | |
| Título | The Eyeless Map |
| Mención de responsabilidad, etc. | Home Works II: A Forum on Cultural Practices |
| 260 ## - PUBLICACIÓN, DISTRIBUCIÓN, ETC. | |
| Lugar de publicación, distribución, etc. | Beirut, Lebanon |
| Nombre del editor, distribuidor, etc. | Lebanese Association for Plastic Arts, Ashkal Alwan |
| Fecha de publicación, distribución, etc. | 2003 |
| 300 ## - DESCRIPCIÓN FÍSICA | |
| Extensión | 80 p |
| Otras características físicas | il |
| Dimensiones | 21 cm |
| 650 ## - PUNTO DE ACCESO ADICIONAL DE MATERIA--TÉRMINO DE MATERIA | |
| Subdivisión general | arte moderno |
| Subdivisión geográfica | Libano |
| 9 (RLIN) | 709 |
| 700 ## - ENTRADA AGREGADA--NOMBRE PERSONAL | |
| Nombre de persona | Tony Chakar |
| 9 (RLIN) | 710 |
| Estatus retirado | Estado de pérdida | Fuente del sistema de clasificación o colocación | Estado de daño | No para préstamo | Biblioteca de origen | Biblioteca actual | Ubicación en estantería | Fecha de adquisición | Total de préstamos | Signatura topográfica completa | Código de barras | Visto por última vez | Precio de reemplazo | Tipo de ítem Koha |
|---|---|---|---|---|---|---|---|---|---|---|---|---|---|---|
| Clasificación Decimal Dewey | Biblioteca LadoV | Biblioteca LadoV | 22/05/2014 | 709.956.9 C435e | 003973 | 22/05/2014 | 22/05/2014 | Material 01 |
